| 000 | 00484nam a2200157 4500 | ||
|---|---|---|---|
| 082 | _aBIT-11 JAH | ||
| 100 | _aRAJA JAHANZEB KHAN | ||
| 245 | _aDATE SHEET SCHEDULER | ||
| 260 |
_aISLAMABAD _bNUST-SEECS _c2015 |
||
| 300 |
_a33P. _eCD NOT INCLUDES |
||
| 563 | _ahbk. | ||
| 856 | _uhttp://10.250.8.41:8080/xmlui/handle/123456789/28916 | ||
| 942 |
_2ddc _cPR |
||
| 999 |
_c174368 _d174368 |
||